Vocabulary: Synonyms - Statistics

General Stats
  • This quiz has been taken 730 times
  • The average score is 11 of 20
Answer Stats
Hint Answer % Correct
Loving Amorous
91%
Rich Affluent
84%
Skillful Competent
83%
Keen Enthusiastic
78%
Stubborn Obstinate
77%
Sleepy Somnolent
72%
Flashy Ostentatious
70%
Thorough Exhaustive
68%
Rotten Putrescent
64%
Difficult Onerous
55%
Essential Intrinsic
47%
Optional Discretionary
45%
Weak Supine
42%
Fake Spurious
38%
Uncertain Equivocal
36%
Ordinary Quotidian
36%
Glowing Lambent
34%
Honest Ingenuous
33%
Dark Tenebrous
30%
Random Desultory
24%
No matching quizzes found
Score Distribution
Percent of People with Each Score
Percentile by Number Answered
Your Score History
You have not taken this quiz